Boceto metodológico para investigar la interacción familia y medios de comunicación /

Investigar el mundo de las familias exige tener en cuenta una serie de cualidades estructurales, dinámicas y de trayectoria o cursos de vida, además de considerar que gravita una narrativa social que flota en el ámbito sociocultural. A partir de esta premisa, se propone un esquema metodológico de tr...

Popoln opis

Shranjeno v:
Bibliografske podrobnosti
Glavni avtor: Guadarrama Rico, Luis Alfonso
Format: Texto
Teme:
Oznake: Označite
Brez oznak, prvi označite!

MARC

LEADER 00000 a a2200000 04500
001 3884
003
040
100 |a Guadarrama Rico, Luis Alfonso  
245 |a Boceto metodológico para investigar la interacción familia y medios de comunicación /  |c Luis Alfonso Guadarrama Rico 
520 |a Investigar el mundo de las familias exige tener en cuenta una serie de cualidades estructurales, dinámicas y de trayectoria o cursos de vida, además de considerar que gravita una narrativa social que flota en el ámbito sociocultural. A partir de esta premisa, se propone un esquema metodológico de tres etapas que busca recuperar estas dimensiones a fin de incursionar de mejor manera en el ámbito de la interacción mediática que establecen cotidianamente los sistemas familiares. DOC/WMV  
650 |a FAMILIA  
650 |a BIENESTAR DE LA FAMILIA  
650 |a ESTRUCTURA DE LA FAMILIA  
650 |a MEDIO FAMILIAR  
650 |a COMUNICACION  
650 |a TELECOMUNICACIONES  
650 |a TRANSFERENCIA DE INFORMACION  
650 |a MEDIOS DE COMUNICACION  
650 |a SISTEMAS DE COMUNICACION  
650 |a METODOS DE INVESTIGACION  
650 |a INVESTIGACION  
773 |g volumen 7, número 22; páginas 73-88  
999 |c 21889  |d 21889